Historia social de la agricultura chilena Tomo II: haciendas y campesinos / José Bengoa (Registro nro. 5427)

Detalles MARC
000 -LEADER
fixed length control field 00503nam a22001811a 4500
001 - CONTROL NUMBER
control field 5427
003 - CONTROL NUMBER IDENTIFIER
control field OSt
005 - DATE AND TIME OF LATEST TRANSACTION
control field 20260204212014.0
008 - FIXED-LENGTH DATA ELEMENTS--GENERAL INFORMATION
fixed length control field 060119s1990||||cl ||||||b||||||||||spa||
050 ## - LIBRARY OF CONGRESS CALL NUMBER
Classification number 306.09 B436h
100 ## - ASIENTO PRINCIPAL -- NOMBRE PERSONAL
Personal name Bengoa, José
245 ## - TÍTULO PROPIAMENTE DICHO: SUBTÍTULO
Title Historia social de la agricultura chilena Tomo II: haciendas y campesinos / José Bengoa
264 ## - PRODUCTION, PUBLICATION, DISTRIBUTION, MANUFACTURE, AND COPYRIGHT NOTICE
Place of production, publication, distribution, manufacture Chile: Editora Sur
300 ## - PHYSICAL DESCRIPTION
Extensión 237 p
490 ## - MENCIÓN DE SERIE
Series statement Coleción estudio históricos
650 ## - ASIENTO SECUNDARIO DE MATERIA -- TERMINO TEMÁTICO
Termino Temático Como Elemento de Entrada 1.Historia Social - ChileÌ
942 ## - ADDED ENTRY ELEMENTS (KOHA)
Source of classification or shelving scheme Dewey Decimal Classification
Koha item type Libros
Existencias
Withdrawn status Lost status Source of classification or shelving scheme Damaged status Not for loan Current library Date acquired Total Checkouts Full call number Barcode Date last seen Price effective from Koha item type
    Dewey Decimal Classification     Biblioteca UTECO 09/09/2019   306.09 B436H 009960 09/09/2019 09/09/2019 Libros
© 2021 Derechos Reservados UTECO - Teléfono: +1 809-585-2291 - Correo electrónico: biblioteca@uteco.edu.do​  
Código postal 43000 ​​
Dirección: Avenida Universitaria No. 100, 
Cotuí, Provincia Sánchez Ramírez, República Dominicana - RNC: 404-00059-6